000 00626nam a2200277Ia 4500
005 20260324150832.0
008 008 260324s9999 xx 000 0 eng d
020 _a9781003071587
037 _aEBOOK
040 _aCRL
040 _beng
040 _cCRL
041 _2eng
041 _aeng
084 _qCRL
100 _aRafael Karsten
_91180988
245 4 _aThe Origins of Religion
260 _bTaylor and Francis
260 _c1935
365 _a
365 _b240
856 _uhttp://www.taylorfrancis.com/books/9781003071587
942 _cEBOOK
999 _c1837936
_d1837936